000
00279nam a2200097Ia 4500
001
730010
005
20250826163706.0
008
250824s9999 xx 000 0 und d
245
0
_a
ŞU HORTUMLU DÜNYADA FİL YALNIZ BİR HAYVANDIR
_c
AHMET ŞERİF İZGÖREN
260
_b
ELMA YAYINLARI
999
_c
730010
_d
730010